000 00373nam a2200145Ia 4500
008 230711s9999||||xx |||||||||||||| ||und||
041 _aENG
082 _a629.2
_bKI-A
100 _aKirpal Singh
245 0 _aAuto mobile engineering-I
250 _a9th Ed.
260 _c2003
_aNew Delhi
_bStandard Publishing Distributors
650 _aMechanical Engineering
942 _cBK
999 _c4233
_d4233